[Event "London Classic FIDE Open"]
[Site "London ENG"]
[Date "2011.12.05"]
[Round "3"]
[White "Jones, Gawain C B"]
[Black "Getz, Nicolai"]
[Result "1-0"]
[WhiteTitle "GM"]
[BlackTitle "IM"]
[WhiteElo "2635"]
[BlackElo "2369"]
[WhiteFideId "409561"]
[BlackFideId "1505572"]
[EventDate "2011.12.03"]

1. e4 e5 2. Nf3 Nc6 3. Bc4 Bc5 4. c3 Nf6 5. d3 a6 6. Bb3 Ba7 7. Be3 Bxe3 8. fxe3
d5 9. exd5 Nxd5 10. Qe2 Be6 11. Nbd2 Qe7 12. O-O O-O-O 13. Ba4 Bd7 14. e4 Nf4
15. Qe3 g5 16. g3 Rhg8 17. Kh1 Bh3 18. Bxc6 bxc6 19. Qa7 Nxd3 20. Qxa6+ Kb8 21.
Nb3 Bc8 22. Qa4 Bb7 23. Na5 Qc5 24. b4 Qb6 25. Nc4 Qb5 26. Qb3 c5 27. a4 Qd7 28.
Na5 Bxe4 29. bxc5+ Kc8 30. c6 Bxc6 31. Qc4 Bxf3+ 32. Rxf3 Rg6 33. Rxf7 Qd5+ 34.
Qxd5 Rxd5 35. Nc4 Ra6 36. Rf8+ Kd7 37. Rf7+ Kc8 38. a5 Rc5 39. Ra4 h6 40. Kg2
Kb7 41. Kf3 Rac6 42. Ke4 Rxc4+ 43. Rxc4 Rxc4+ 44. Kxd3 Ra4 45. Rh7 Rxa5 46. Rxh6
Ra2 47. Rh5 g4 48. Rxe5 Rxh2 49. Rg5 Kc6 50. Rxg4 Kd5 51. Rg5+ Kd6 52. Kc4 Ra2
53. Rg6+ Kd7 54. Kb5 Rb2+ 55. Kc5 Re2 56. Rg7+ Kc8 57. g4 Kb7 58. Rg6 Re5+ 59.
Kd4 Re1 60. Rf6 Rg1 61. Rf4 Rg3 62. c4 c5+ 63. Ke5 Rd3 64. Kf6 Rd4 65. g5 Rd6+
66. Ke5 Rd8 67. g6 1-0

[Event "London Classic FIDE Open"]
[Site "London ENG"]
[Date "2011.12.05"]
[Round "3"]
[White "Weber, Tom"]
[Black "Pert, Nicholas"]
[Result "1/2-1/2"]
[WhiteTitle "FM"]
[BlackTitle "GM"]
[WhiteElo "2355"]
[BlackElo "2563"]
[WhiteFideId "4000609"]
[BlackFideId "403989"]
[EventDate "2011.12.03"]

1. c4 Nf6 2. g3 g6 3. Bg2 Bg7 4. Nc3 O-O 5. e4 d6 6. Nge2 c5 7. O-O Nc6 8. d3
Rb8 9. h3 a6 10. a4 Ne8 11. Be3 Nc7 12. d4 cxd4 13. Nxd4 Ne6 14. Nde2 Bd7 15. b3
Nc5 16. Rb1 Nb4 17. Qd2 Qc8 18. Kh2 b5 19. cxb5 axb5 20. Nxb5 Bxb5 21. axb5 Rxb5
22. Nc3 Rb8 23. Na4 Rd8 24. Rfd1 Nc6 1/2-1/2

[Event "London Classic FIDE Open"]
[Site "London ENG"]
[Date "2011.12.05"]
[Round "3"]
[White "Cornette, Matthieu"]
[Black "Gislason, Gudmundur"]
[Result "1-0"]
[WhiteTitle "GM"]
[WhiteElo "2548"]
[BlackElo "2318"]
[WhiteFideId "620084"]
[BlackFideId "2300559"]
[EventDate "2011.12.03"]

1. c4 Nf6 2. Nc3 d5 3. cxd5 Nxd5 4. g3 Nb6 5. Bg2 g6 6. d3 Bg7 7. Be3 Nc6 8. Qd2
Nd4 9. Rc1 Nf5 10. Bc5 O-O 11. Nf3 c6 12. O-O Nd7 13. Ba3 a5 14. Ne4 Re8 15. b3
Nf8 16. e3 Ne6 17. d4 a4 18. b4 Nc7 19. Nc5 Nd6 20. Bb2 a3 21. Ba1 Nd5 22. e4
Nc7 23. Qf4 b6 24. Rfd1 bxc5 25. dxc5 Ne6 26. Qe3 Bxa1 27. Rxa1 Qc7 28. cxd6
exd6 29. Rac1 Bb7 30. e5 dxe5 31. Nxe5 Nf8 32. Rc5 Rad8 33. Rxd8 Qxd8 34. Qf3
Re7 35. h4 Ne6 36. Ra5 c5 37. Nc6 Bxc6 38. Qxc6 Rc7 39. Qe4 Rc8 40. Rxa3 cxb4
41. Qxb4 Qd1+ 42. Kh2 Qe2 43. Qe7 Qb2 44. Rf3 Rc7 45. Qe8+ Kg7 46. a4 Qb4 47.
Qa8 Qc5 48. Qe4 Ra7 49. Bh3 Nd4 50. Rf4 Rxa4 51. Qb7 Qc4 52. Bg2 Rb4 53. Qd7 Qc3 1-0

[Event "London Classic FIDE Open"]
[Site "London ENG"]
[Date "2011.12.05"]
[Round "3"]
[White "Hebden, Mark L"]
[Black "Radovanovic, Jovica"]
[Result "1-0"]
[WhiteTitle "GM"]
[BlackTitle "FM"]
[WhiteElo "2515"]
[BlackElo "2309"]
[WhiteFideId "400084"]
[BlackFideId "915912"]
[EventDate "2011.12.03"]

1. d4 d5 2. Nf3 Nf6 3. c4 e6 4. Bg5 Be7 5. Nc3 O-O 6. e3 h6 7. Bh4 b6 8. Bd3 Bb7
9. O-O Nbd7 10. Bg3 c5 11. Qe2 Ne4 12. cxd5 exd5 13. Rac1 Ndf6 14. Be5 Qd7 15.
dxc5 bxc5 16. Rfd1 Nxc3 17. Bxc3 Qe6 18. b3 a5 19. Bxf6 Qxf6 20. e4 a4 21. exd5
Bxd5 22. Be4 Bxe4 23. Qxe4 axb3 24. axb3 Rfd8 25. g3 Bf8 26. Rxd8 Rxd8 27. Kg2
Rb8 28. Qe3 Qc6 29. h4 Rb4 30. Rc4 Rb8 31. Qd3 Qb7 32. Rc3 Re8 33. Kh2 Re6 34.
Nd2 Re1 35. Qf3 Qe7 36. Nc4 Qe2 37. Qxe2 Rxe2 38. Kg2 g6 39. Rd3 Re8 40. Rd7 Rb8
41. Rd3 Bg7 42. Nd2 Bd4 43. Nf3 Bf6 44. Kf1 Kg7 45. Ke2 Rb4 46. Nd2 Bd4 47. Rf3
Rb7 48. Kd3 Rd7 49. Kc4 Rb7 50. Ne4 Rb4+ 51. Kd5 Rb5 52. Nd6 Rb8 53. Rxf7+ Kg8
54. Rf3 h5 55. Ne4 Rb5 56. Ng5 Rb7 57. Ne6 Bxf2 58. Rf8+ Kh7 59. Rxf2 Rxb3 60.
Ng5+ Kg7 61. Ne4 Re3 62. Rc2 g5 63. hxg5 Kg6 64. Rxc5 1-0

[Event "London Classic FIDE Open"]
[Site "London ENG"]
[Date "2011.12.05"]
[Round "3"]
[White "Afek, Yochanan"]
[Black "Grover, Sahaj"]
[Result "0-1"]
[WhiteTitle "IM"]
[BlackTitle "IM"]
[WhiteElo "2301"]
[BlackElo "2515"]
[WhiteFideId "2800462"]
[BlackFideId "5021103"]
[EventDate "2011.12.03"]

1. e4 e6 2. d4 d5 3. e5 c5 4. c3 Nc6 5. Nf3 Bd7 6. a3 f6 7. Bd3 fxe5 8. dxe5 Qc7
9. O-O c4 10. Bc2 g6 11. Re1 Bg7 12. Bf4 Nge7 13. Qc1 h6 14. Qe3 O-O-O 15. a4
Rdf8 16. Bg3 g5 17. Nd4 Nxd4 18. cxd4 Nc6 19. Nc3 Nb4 20. Qd2 h5 21. Nb5 Bxb5
22. Qxb4 Bc6 23. h4 gxh4 24. Bxh4 Rf4 25. Be7 Rxd4 26. Bd6 Qb6 27. Qxb6 axb6 28.
Rad1 Rf4 29. f3 h4 30. Kf2 Bf8 31. Ke3 Rg8 32. Bxf8 Rfxf8 33. Kf2 Rf4 34. Ke3
Rf7 35. Kf2 Rfg7 36. Rg1 Rg5 37. Rd4 Rxe5 38. Rxh4 Reg5 39. f4 Rg3 40. Rh3 Rxh3
41. gxh3 Rxg1 42. Kxg1 d4 43. h4 Kd7 44. Kf2 Ke7 45. Ke1 Kf6 46. Kd2 Be8 47. Bd1
Kf5 48. b3 Kxf4 49. bxc4 e5 50. h5 e4 51. h6 Bg6 0-1

[Event "London Classic FIDE Open"]
[Site "London ENG"]
[Date "2011.12.05"]
[Round "3"]
[White "Wells, Peter K"]
[Black "Croad, Nicolas"]
[Result "1/2-1/2"]
[WhiteTitle "GM"]
[BlackTitle "FM"]
[WhiteElo "2492"]
[BlackElo "2292"]
[WhiteFideId "400327"]
[BlackFideId "4300793"]
[EventDate "2011.12.03"]

1. Nf3 Nf6 2. c4 e6 3. g3 d5 4. Bg2 c6 5. d4 Bd6 6. O-O O-O 7. Nc3 Nbd7 8. Nd2
Be7 9. e4 dxe4 10. Ndxe4 Nxe4 11. Nxe4 Nf6 12. Nc3 Qd7 13. Bf4 Rd8 14. Qe2 b6
15. d5 cxd5 16. cxd5 Nxd5 17. Nxd5 exd5 18. Rac1 Bd6 19. Bxd5 Bxf4 20. Bxa8 Bxc1
21. Rxc1 Bb7 22. Bxb7 Qxb7 23. Rd1 1/2-1/2

[Event "London Classic FIDE Open"]
[Site "London ENG"]
[Date "2011.12.05"]
[Round "3"]
[White "Das, Arghyadip"]
[Black "Lemeaux, David"]
[Result "1-0"]
[WhiteTitle "IM"]
[WhiteElo "2470"]
[BlackElo "2279"]
[WhiteFideId "5003610"]
[BlackFideId "613843"]
[EventDate "2011.12.03"]

1. e4 c5 2. Nf3 e6 3. d4 cxd4 4. Nxd4 Nc6 5. Nb5 d6 6. c4 Nf6 7. N1c3 a6 8. Na3
Be7 9. Be2 O-O 10. O-O b6 11. Be3 Bb7 12. Rc1 Nd7 13. Qd2 Nc5 14. Rfd1 Qc7 15.
Nc2 Ne5 16. f3 Rac8 17. Nd4 Qb8 18. b4 Ncd7 19. Na4 Rfd8 20. a3 Bf8 21. Qa2 d5
22. cxd5 Rxc1 23. Rxc1 exd5 24. exd5 Qd6 25. Nc3 Qg6 26. f4 Re8 27. fxe5 Nxe5
28. Qc2 1-0

[Event "London Classic FIDE Open"]
[Site "London ENG"]
[Date "2011.12.05"]
[Round "3"]
[White "Webb, Laurence E"]
[Black "Hunt, Adam C"]
[Result "1/2-1/2"]
[WhiteTitle "FM"]
[BlackTitle "IM"]
[WhiteElo "2283"]
[BlackElo "2458"]
[WhiteFideId "402389"]
[BlackFideId "403970"]
[EventDate "2011.12.03"]

1. e4 c5 2. Nf3 d6 3. c3 Nf6 4. Bd3 Nc6 5. Bc2 Bg4 6. d4 Bxf3 7. gxf3 cxd4 8.
cxd4 g6 9. Nc3 Bg7 10. Be3 O-O 11. f4 e6 12. e5 dxe5 13. dxe5 Nd5 14. O-O Nxc3
15. bxc3 Qa5 16. Be4 Rac8 17. Qb3 b6 18. Rfd1 g5 19. Bxc6 Rxc6 20. c4 Kh8 21.
Qb5 Qxb5 22. cxb5 Rc4 23. Rac1 Ra4 24. fxg5 Bxe5 25. Rc2 Kg7 26. Kg2 Kg6 27. Rd7
Ra8 28. Re2 Bf4 29. h4 Bxe3 30. Rxe3 Rxh4 31. Rf3 Rg4+ 32. Kh3 Rxg5 33. Rdxf7
Rh5+ 34. Kg3 Rg5+ 35. Kh4 Rh5+ 36. Kg3 Rg5+ 37. Kh4 Rh5+ 1/2-1/2

[Event "London Classic FIDE Open"]
[Site "London ENG"]
[Date "2011.12.05"]
[Round "3"]
[White "Pert, Richard G"]
[Black "Gagare, Shardul"]
[Result "1-0"]
[WhiteTitle "IM"]
[BlackTitle "FM"]
[WhiteElo "2455"]
[BlackElo "2275"]
[WhiteFideId "404748"]
[BlackFideId "5037883"]
[EventDate "2011.12.03"]

1. d4 d5 2. c4 dxc4 3. Nf3 Nf6 4. e3 e6 5. Bxc4 a6 6. O-O c5 7. Bb3 Nc6 8. Nc3
Be7 9. dxc5 Bxc5 10. Qxd8+ Kxd8 11. e4 Nd7 12. Rd1 Ke7 13. Bf4 b5 14. e5 Bb7 15.
Ne4 Nd4 16. Bg5+ f6 17. exf6+ gxf6 18. Nxd4 Bxd4 19. Rxd4 fxg5 20. Re1 Bxe4 21.
Rdxe4 e5 22. h4 h6 23. Rg4 Kf6 24. Re3 Kf5 25. Rgg3 e4 26. f3 gxh4 27. Rg7 Nc5
28. fxe4+ Ke5 29. Bd5 Rad8 30. Rg4 Kd4 31. Re1 Nd3 32. Rd1 Ke3 33. Rxh4 Nxb2 34.
Rh3+ Ke2 35. Rc1 Kd2 36. Rc6 Nd3 37. Rxa6 Nf4 38. Rhxh6 Rxh6 39. Rxh6 Nxd5 40.
exd5 Rxd5 41. Kf2 Rf5+ 42. Kg3 Kc3 43. Ra6 Rg5+ 44. Kf3 b4 45. g4 Rg8 46. Ra5
Kb2 47. g5 Rxg5 48. Rxg5 Kxa2 49. Ke2 b3 50. Kd2 b2 51. Ra5+ Kb1 52. Rb5 Ka2 53.
Kc2 1-0

[Event "London Classic FIDE Open"]
[Site "London ENG"]
[Date "2011.12.05"]
[Round "3"]
[White "Eckersley-Waites, Tom"]
[Black "Chevelevitch, Evgueni"]
[Result "0-1"]
[BlackTitle "IM"]
[WhiteElo "2276"]
[BlackElo "2435"]
[WhiteFideId "412449"]
[BlackFideId "4684257"]
[EventDate "2011.12.03"]

1. e4 e5 2. Nf3 Nc6 3. d4 exd4 4. Nxd4 Bc5 5. Be3 Qf6 6. Nb5 Bxe3 7. fxe3 Qh4+
8. g3 Qd8 9. Qg4 g5 10. N1c3 d6 11. Qe2 Nf6 12. Qf2 Ng4 13. Qd2 a6 14. Nd4 Nge5
15. O-O-O Be6 16. Nd5 Bxd5 17. exd5 Ne7 18. e4 h6 19. Bh3 g4 20. Bf1 N7g6 21.
Kb1 Nf3 22. Nxf3 gxf3 23. Qc3 Ne5 24. Bh3 Qe7 25. Rdf1 O-O 26. Bf5 c5 27. h4 b5
28. g4 b4 29. Qe3 Kg7 30. Rxf3 Nxf3 31. Qxf3 Rh8 32. Qf4 Rae8 33. g5 hxg5 34.
Rg1 Qf6 35. Qf2 Rxe4 36. hxg5 Qd4 37. Qxd4+ Rxd4 38. g6 Rdh4 39. gxf7+ Kxf7 40.
a3 bxa3 41. Be6+ Kf6 42. Rf1+ Ke5 43. Rf5+ Ke4 44. bxa3 Rh1+ 45. Ka2 R8h2 46.
Kb3 Rb1+ 47. Ka4 Rxc2 48. Rh5 Rf2 49. Bg8 Rb8 0-1

[Event "London Classic FIDE Open"]
[Site "London ENG"]
[Date "2011.12.05"]
[Round "3"]
[White "Martyn, Rafe"]
[Black "Summerscale, Aaron P"]
[Result "1/2-1/2"]
[WhiteTitle "FM"]
[BlackTitle "GM"]
[WhiteElo "2249"]
[BlackElo "2422"]
[WhiteFideId "409626"]
[BlackFideId "400980"]
[EventDate "2011.12.03"]

1. d4 d5 2. c4 e6 3. g3 c5 4. cxd5 exd5 5. Nf3 Nc6 6. Bg2 Nf6 7. O-O Be7 8. Nc3
c4 9. b3 cxb3 10. Qxb3 Na5 11. Qb5+ Bd7 12. Qd3 O-O 13. Bg5 Be6 14. Ne5 Rc8 15.
e3 a6 16. f4 g6 17. f5 gxf5 18. Bh6 Re8 19. Rxf5 Ng4 20. Rh5 Nxe5 21. Rxe5 Nc6
22. Rh5 Nb4 23. Qd2 Bg4 24. Re5 f6 25. Rxe7 Rxe7 26. a3 Rec7 27. Rc1 Nc6 28.
Nxd5 Rd7 29. e4 Be6 30. Rf1 Rf7 31. Qf4 Kh8 1/2-1/2

[Event "London Classic FIDE Open"]
[Site "London ENG"]
[Date "2011.12.05"]
[Round "3"]
[White "Perez, Flavio"]
[Black "Houska, Jovanka"]
[Result "0-1"]
[BlackTitle "IM"]
[WhiteElo "2245"]
[BlackElo "2415"]
[WhiteFideId "623911"]
[BlackFideId "405094"]
[EventDate "2011.12.03"]

1. e4 c6 2. d4 d5 3. f3 Qb6 4. Nc3 dxe4 5. fxe4 e5 6. Nf3 exd4 7. Nxd4 Bc5 8.
Na4 Qa5+ 9. c3 Be7 10. b4 Qc7 11. Bd3 Bd6 12. Qh5 Nd7 13. Ne6 Bg3+ 14. hxg3
Qxg3+ 15. Kd2 Qxg2+ 16. Be2 Ngf6 17. Nc7+ Kd8 18. Rh2 Qg3 19. Nxa8 Nxh5 20. Rxh5
Nf6 21. Rh1 Nxe4+ 22. Kc2 Qg2 23. Bf4 Qxe2+ 24. Kb3 Be6+ 25. Ka3 b5 26. Rhe1 Qc2
27. Rad1+ Ke7 0-1

[Event "London Classic FIDE Open"]
[Site "London ENG"]
[Date "2011.12.05"]
[Round "3"]
[White "Roy Chowdhury, Saptarshi"]
[Black "Eames, Robert S"]
[Result "1-0"]
[WhiteTitle "IM"]
[BlackTitle "FM"]
[WhiteElo "2411"]
[BlackElo "2241"]
[WhiteFideId "5002974"]
[BlackFideId "408743"]
[EventDate "2011.12.03"]

1. e4 c5 2. Nf3 d6 3. c3 Nf6 4. Be2 Nbd7 5. d3 b6 6. O-O Bb7 7. Nbd2 g6 8. Re1
Bg7 9. Nf1 O-O 10. Ng3 c4 11. d4 Nxe4 12. Nxe4 Bxe4 13. Bxc4 d5 14. Bb3 Bxf3 15.
Qxf3 e6 16. Bf4 b5 17. a4 a6 18. Bc2 Nb6 19. Qg3 Qd7 20. a5 Nc8 21. h4 Ne7 22.
h5 Rfe8 23. Qf3 Rac8 24. Be5 f6 25. Bf4 f5 26. Re2 Nc6 27. hxg6 hxg6 28. Qg3 Kf7
29. Rae1 Qd8 30. Rxe6 Rxe6 31. Rxe6 g5 32. Bxg5 Qxa5 33. Bxf5 1-0

[Event "London Classic FIDE Open"]
[Site "London ENG"]
[Date "2011.12.05"]
[Round "3"]
[White "Britton, Richard L"]
[Black "D'Costa, Lorin A R"]
[Result "0-1"]
[WhiteTitle "FM"]
[BlackTitle "IM"]
[WhiteElo "2219"]
[BlackElo "2409"]
[WhiteFideId "401692"]
[BlackFideId "409219"]
[EventDate "2011.12.03"]

1. e4 c5 2. Nf3 e6 3. d4 cxd4 4. Nxd4 a6 5. Bd3 Nf6 6. Qe2 d6 7. O-O Qc7 8. c4
g6 9. b3 Bg7 10. Bb2 O-O 11. Nc3 b6 12. Rad1 Bb7 13. Bb1 Nbd7 14. Kh1 Rad8 15.
f3 Qb8 16. Qd2 Rfe8 17. Rfe1 Ba8 18. Nc2 Bf8 19. Ne3 b5 20. cxb5 axb5 21. b4 d5
22. exd5 Bxb4 23. Qd4 Bc5 24. Qh4 exd5 25. Nexd5 Rxe1+ 26. Qxe1 Re8 27. Qh4 Nxd5
28. Nxd5 Bxd5 29. Rxd5 Qf4 30. Qg3 Qxg3 31. hxg3 Re1+ 32. Kh2 Rxb1 33. Bc3 b4
34. Bd2 Bg1+ 35. Kh3 Nf6 36. Rd6 Bd4 0-1

[Event "London Classic FIDE Open"]
[Site "London ENG"]
[Date "2011.12.05"]
[Round "3"]
[White "Thorfinnsson, Bjorn"]
[Black "Williamson, Roger G"]
[Result "1-0"]
[WhiteTitle "IM"]
[WhiteElo "2402"]
[BlackElo "2157"]
[WhiteFideId "2300982"]
[BlackFideId "414620"]
[EventDate "2011.12.03"]

1. d4 d5 2. c4 c6 3. Nf3 Nf6 4. Qc2 dxc4 5. e4 b5 6. a4 e6 7. Bg5 Bb7 8. Nbd2
Nbd7 9. b3 cxb3 10. Nxb3 a6 11. Bd3 Rc8 12. Qe2 Bb4+ 13. Nfd2 h6 14. Bh4 bxa4
15. Rxa4 c5 16. O-O Nb6 17. Rxa6 Bxd2 18. Bb5+ Kf8 19. Ra7 cxd4 20. Rxb7 Bc3 21.
e5 g5 22. exf6 gxh4 23. Qh5 Rh7 24. Bd3 1-0

[Event "London Classic FIDE Open"]
[Site "London ENG"]
[Date "2011.12.05"]
[Round "3"]
[White "Jaunooby, Ali R"]
[Black "Slavin, Alexei"]
[Result "0-1"]
[BlackTitle "IM"]
[WhiteElo "2144"]
[BlackElo "2400"]
[WhiteFideId "413291"]
[BlackFideId "24104388"]
[EventDate "2011.12.03"]

1. d4 Nf6 2. Nf3 e6 3. Bf4 b6 4. Nbd2 Bb7 5. e3 c5 6. c3 Be7 7. h3 O-O 8. Bd3
Nc6 9. Qe2 cxd4 10. exd4 Re8 11. Nc4 d6 12. O-O-O b5 13. Ne3 b4 14. c4 Qa5 15.
Kb1 e5 16. d5 exf4 17. dxc6 Bxc6 18. Ng4 h5 19. Nd4 Bxg2 20. Nh6+ Kf8 21. Rhg1
f3 22. Qd2 Ng8 23. Nhf5 Bf6 24. Nb5 Rad8 25. Nfxd6 Re7 26. a3 Qa4 27. axb4 Bxh3
28. Bc2 Qa6 29. c5 Re2 30. Qf4 Be6 31. Na3 Qc6 32. Ne4 Bd5 33. Nc3 Bxc3 34. bxc3
Rd7 35. Qb8+ Re8 36. Qg3 g6 37. Qf4 Kg7 38. Qd4+ Nf6 39. b5 Rb8 40. Kc1 Qc7 41.
Rg5 Bc6 42. Qb4 Rxd1+ 43. Kxd1 Bxb5 44. Nxb5 Qd7+ 45. Qd4 Qxb5 46. Rd5 Qf1+ 47.
Kd2 Re8 48. Bd3 Re2+ 49. Bxe2 fxe2 0-1

[Event "London Classic FIDE Open"]
[Site "London ENG"]
[Date "2011.12.05"]
[Round "3"]
[White "Seymour, Timothy P"]
[Black "Hillarp Persson, Tiger"]
[Result "0-1"]
[BlackTitle "GM"]
[WhiteElo "2033"]
[BlackElo "2530"]
[WhiteFideId "412112"]
[BlackFideId "1700812"]
[EventDate "2011.12.03"]

1. e4 c6 2. c4 g6 3. d4 Bg7 4. Nc3 a6 5. Nf3 d6 6. Be2 b5 7. a3 bxc4 8. Bxc4 Nf6
9. e5 Nd5 10. O-O Nb6 11. Ba2 d5 12. Bf4 Bg4 13. Rc1 O-O 14. h3 Bxf3 15. Qxf3 e6
16. Qe3 N8d7 17. Bh6 Bxh6 18. Qxh6 Qe7 19. Qe3 Rfc8 20. Ne2 a5 21. Rc2 c5 22.
dxc5 Rxc5 23. Rfc1 Rac8 24. Rxc5 Rxc5 25. f4 Rxc1+ 26. Nxc1 Na4 27. Nd3 Ndc5 28.
Nxc5 Nxc5 29. b4 axb4 30. axb4 Na4 31. Qd4 Qc7 32. Bb3 Qc1+ 33. Kh2 Nc3 34. Qf2
Ne4 35. Qf3 Qd2 36. b5 Qb4 37. Bc2 Nc3 38. b6 Nb5 39. Qb3 Qxf4+ 40. Kh1 Qf1+ 41.
Kh2 Qf4+ 42. Kh1 Nd4 43. b7 Nxb3 44. b8=Q+ Kg7 45. Bxb3 h5 46. Qd6 Qe4 47. Kh2
g5 48. Qc7 Qf4+ 49. Kh1 Qd4 50. Bc2 g4 51. hxg4 hxg4 52. Qa5 Qe3 53. Qa1 g3 54.
Bf5 exf5 55. e6+ f6 56. e7 Qh6+ 57. Kg1 Qh2+ 58. Kf1 Qh1+ 59. Ke2 Qxa1 0-1

[Event "London Classic FIDE Open"]
[Site "London ENG"]
[Date "2011.12.05"]
[Round "3"]
[White "Arkell, Keith C"]
[Black "Tavoularis, Nicholas"]
[Result "1/2-1/2"]
[WhiteTitle "GM"]
[WhiteElo "2418"]
[BlackElo "2143"]
[WhiteFideId "400270"]
[BlackFideId "4205596"]
[EventDate "2011.12.03"]

1. c4 f5 2. b3 d6 3. d4 g6 4. Bb2 Bg7 5. Nf3 Nc6 6. Nc3 e5 7. dxe5 Nxe5 8. e3
Nh6 9. Be2 Nhf7 10. O-O O-O 11. Qc2 Nxf3+ 12. Bxf3 Ne5 13. Bd5+ Kh8 14. g3 g5
15. f4 Ng4 16. Rae1 gxf4 17. exf4 c6 1/2-1/2

[Event "London Classic FIDE Open"]
[Site "London ENG"]
[Date "2011.12.05"]
[Round "3"]
[White "Ansell, Simon T"]
[Black "Nandhidhaa, PV"]
[Result "1-0"]
[WhiteTitle "IM"]
[WhiteElo "2389"]
[BlackElo "2139"]
[WhiteFideId "402141"]
[BlackFideId "5050847"]
[EventDate "2011.12.03"]

1. e4 c5 2. Nf3 e6 3. d3 Nc6 4. g3 g6 5. Bg5 Qc7 6. Bg2 Bg7 7. c3 e5 8. O-O d6
9. Na3 Be6 10. d4 cxd4 11. cxd4 Nxd4 12. Nxd4 exd4 13. Qd3 a6 14. Rac1 Qd7 15.
f4 Ne7 16. f5 gxf5 17. exf5 Nxf5 18. Nc4 Bxc4 19. Rxc4 Ne3 20. Bxe3 dxe3 21.
Qxe3+ Qe6 22. Qd3 O-O 23. Rh4 h6 24. Bd5 Qe5 25. Rhf4 Qxb2 26. Rxf7 Qd4+ 27.
Qxd4 Bxd4+ 28. Kg2 Rxf7 29. Rxf7 Kh8 30. Rxb7 Ra7 31. Rb4 Be5 32. Rg4 Bg7 33.
Rg6 Rd7 34. Kh3 Kh7 35. Re6 Bf8 36. Re8 Bg7 37. Be4# 1-0

[Event "London Classic FIDE Open"]
[Site "London ENG"]
[Date "2011.12.05"]
[Round "3"]
[White "Zymberi, Astrit"]
[Black "Buckley, Graeme N"]
[Result "0-1"]
[BlackTitle "IM"]
[WhiteElo "2138"]
[BlackElo "2383"]
[WhiteFideId "4700295"]
[BlackFideId "402265"]
[EventDate "2011.12.03"]

1. d4 Nf6 2. c4 e6 3. Nc3 Bb4 4. Qc2 d5 5. cxd5 exd5 6. Bg5 c5 7. dxc5 h6 8. Bh4
g5 9. Bg3 Ne4 10. Bxb8 Qf6 11. Bg3 Nxc3 12. a3 Bf5 13. Qd2 Ba5 14. Nf3 d4 15. b4
O-O-O 16. Be5 Qe7 17. Bxh8 Ne4 18. Qb2 Bc7 19. Bxd4 g4 20. O-O-O gxf3 21. exf3
Rxd4 22. Qxd4 Bf4+ 23. Kc2 Nxf2+ 24. Bd3 Nxd3 25. Rxd3 Qe2+ 26. Kb3 Bxd3 27. Qc3
Qe6+ 28. Ka4 Qc6+ 29. Kb3 Qe6+ 30. Ka4 Bb5+ 0-1

[Event "London Classic FIDE Open"]
[Site "London ENG"]
[Date "2011.12.05"]
[Round "3"]
[White "Mikkelsen, Nikolaj"]
[Black "Torner Planell, Josep Ramon"]
[Result "1-0"]
[WhiteTitle "IM"]
[WhiteElo "2381"]
[BlackElo "2123"]
[WhiteFideId "1407970"]
[BlackFideId "2219174"]
[EventDate "2011.12.03"]

1. e4 e5 2. Nf3 Nc6 3. Nc3 g6 4. d4 exd4 5. Nxd4 Bg7 6. Be3 d6 7. Qd2 Nf6 8. f3
O-O 9. O-O-O Nxd4 10. Bxd4 Be6 11. Be3 Re8 12. Bh6 Bh8 13. h4 c6 14. Qxd6 Qa5
15. a3 Red8 16. Qb4 Rxd1+ 17. Nxd1 Qc7 18. Qd2 Rd8 19. Qf4 Qd7 20. Bd3 Nh5 21.
Qe3 Bd4 22. Qe1 Qd6 23. Be3 Nf4 24. Bf1 Be5 25. Nf2 b5 26. g3 Nh5 27. f4 Bd4 28.
Rg1 a5 29. Nd3 c5 30. g4 Ng7 31. e5 Qd7 32. Bh3 c4 33. Nc5 Qd5 34. Bxd4 Qxd4 35.
Ne4 b4 36. Rg3 bxa3 37. Rxa3 Rb8 38. c3 Qd3 39. Bf1 Qf3 40. Nf6+ Kh8 41. Rxa5
Qxf4+ 42. Kb1 Qh2 43. Be2 Qf4 44. Qc1 Qxc1+ 45. Kxc1 h6 46. Rc5 Ne8 47. Bxc4
Nxf6 48. exf6 Bxg4 49. Bxf7 Bf5 50. h5 g5 1-0

[Event "London Classic FIDE Open"]
[Site "London ENG"]
[Date "2011.12.05"]
[Round "3"]
[White "Barton, R Alan"]
[Black "Ferguson, Mark"]
[Result "0-1"]
[BlackTitle "IM"]
[WhiteElo "2073"]
[BlackElo "2374"]
[WhiteFideId "404233"]
[BlackFideId "403547"]
[EventDate "2011.12.03"]

1. d4 d5 2. Nf3 Nf6 3. e3 Bf5 4. c4 c6 5. cxd5 cxd5 6. Nc3 Nc6 7. Bb5 Bd7 8. O-O
a6 9. Bxc6 Bxc6 10. Ne5 e6 11. Nxc6 bxc6 12. Qa4 Qd7 13. b4 Bd6 14. f4 O-O 15.
Bd2 Qb7 16. Rab1 Nd7 17. Qc2 Nb6 18. Na4 Nc4 19. Nc5 Qe7 20. Rb3 Rfb8 21. Be1 a5
22. a3 f5 23. h3 h6 24. g4 axb4 25. axb4 Ra1 26. Bf2 Ra7 27. Kh1 Rba8 28. Qc3
Ra2 29. Be1 Re2 30. Rf2 Rxe3 31. Qxe3 Nxe3 32. Rxe3 Bxc5 33. bxc5 fxg4 34. f5
Qg5 35. Rxe6 Ra1 36. f6 gxf6 37. Kg2 gxh3+ 38. Kh2 Kf7 39. Rfe2 Rxe1 40. Re7+
Kg6 41. Rxe1 Qg2# 0-1

[Event "London Classic FIDE Open"]
[Site "London ENG"]
[Date "2011.12.05"]
[Round "3"]
[White "Berry, Neil"]
[Black "Nelson, Omowale"]
[Result "1-0"]
[WhiteTitle "FM"]
[WhiteElo "2312"]
[BlackElo "2070"]
[WhiteFideId "2400650"]
[BlackFideId "7400209"]
[EventDate "2011.12.03"]

1. d4 d5 2. c4 dxc4 3. e3 e5 4. Bxc4 exd4 5. exd4 Bd6 6. Nf3 Nf6 7. O-O O-O 8.
h3 h6 9. Nc3 Bf5 10. Ne5 Nbd7 11. Bf4 Nb6 12. Bb3 Ne4 13. Nxe4 Bxe4 14. Qg4 Qc8
15. Qg3 Kh7 16. Rfe1 Bf5 17. Nxf7 Bxf4 18. Qxf4 Qd7 19. Ne5 Qd6 20. g4 Bg6 21.
Qd2 Kh8 22. Nxg6+ Qxg6 23. Re6 Rf6 24. Rae1 Raf8 25. Rxf6 Qxf6 26. Re6 Qh4 27.
Qe3 c6 28. Re8 Qf6 29. g5 hxg5 30. Rxf8+ Qxf8 31. Qxg5 Nd5 32. Qh5+ Kg8 33.
Bxd5+ cxd5 34. Qxd5+ Kh8 35. Qh5+ Kg8 36. Qd5+ Kh8 37. Qe5 Qf3 38. d5 Qd1+ 39.
Kg2 Qa4 40. d6 Qc6+ 41. Kg3 Kh7 42. h4 Qh1 43. Qh5+ Kg8 44. Qe8+ Kh7 45. Qh5+
Kg8 46. Qf3 Qg1+ 47. Kh3 Qf1+ 48. Kh2 Qc4 49. Qb3 Qxb3 50. axb3 Kf7 51. Kg3 Ke6
52. Kf4 Kxd6 53. Kf5 Ke7 54. Kg6 Kf8 55. f4 Kg8 56. f5 1-0